Statistics for Can you Name Each All-NBA 1st Team of The Last Decade

Click here to take the quiz!

General Stats

  • This quiz has been taken 158 times
  • The average score is 46 of 55

Answer Stats

YearAnswer% Correct
2012-13 ForwardLebron James
99%
2007-08 ForwardLeBron James
99%
2017-18 ForwardLeBron James
99%
2016-17 ForwardLeBron James
99%
2015-16 ForwardLeBron James
99%
2014-15 FowardLeBron James
99%
2008-09 ForwardLeBron James
99%
2013-14 ForwardLeBron James
99%
2011-12 ForwardLeBron James
99%
2009-10 ForwardLeBron James
99%
2010-11 ForwardLeBron James
99%
2010-11 GuardKobe Bryant
96%
2012-13 GuardKobe Bryant
96%
2011-12 GuardKobe Bryant
96%
2007-08 GuardKobe Bryant
96%
2009-10 GuardKobe Bryant
96%
2008-09 GuardKobe Bryant
96%
2015-16 GuardStephen Curry
93%
2014-15 GuardStephen Curry
93%
2012-13 ForwardKevin Durant
92%
2009-10 ForwardKevin Durant
92%
2010-11 ForwardKevin Durant
92%
2017-18 ForwardKevin Durant
92%
2011-12 ForwardKevin Durant
92%
2013-14 ForwardKevin Durant
92%
2016-17 GuardRussell Westbrook
91%
2015-16 GuardRussell Westbrook
91%
2013-14 GuardJames Harden
88%
2016-17 GuardJames Harden
88%
2017-18 GuardJames Harden
88%
2014-15 GuardJames Harden
88%
2016-17 CenterAnthony Davis
81%
2014-15 ForwardAnthony Davis
81%
2017-18 CenterAnthony Davis
81%
2012-13 GuardChris Paul
81%
2007-08 GuardChris Paul
81%
2013-14 GuardChris Paul
81%
2012-13 CenterTim Duncan
80%
2007-08 CenterDwight Howard
79%
2011-12 CenterDwight Howard
79%
2008-09 CenterDwight Howard
79%
2009-10 CenterDwight Howard
79%
2010-11 CenterDwight Howard
79%
2015-16 ForwardKawhi Leonard
78%
2016-17 ForwardKawhi Leonard
78%
2007-08 ForwardKevin Garnett
75%
2008-09 ForwardDirk Nowitzki
69%
2010-11 GuardDerrick Rose
68%
2011-12 GuardDerrick Rose
68%
2017-18 GuardDamian Lillard
67%
2014-15 CenterMarc Gasol
66%
2015-16 CenterDeAndre Jordan
47%
2013-14 CenterJoakim Noah
45%
2009-10 GuardDwayne Wade
3%
2008-09 GuardDwayne Wade
3%

Score Distribution

Percentile by Number Answered

Percent of People with Each Score

Your Score History

You have not taken this quiz